| 000 | 00465cam a2200169ua 4500 | ||
|---|---|---|---|
| 001 | 6311 | ||
| 008 | 131128n ii |||gr||||Z||||||eng | ||
| 040 | _cMAIN | ||
| 082 | _a658 | ||
| 245 | 1 | 1 |
_aFundamentals of business management _cBy W.T.V. Adiseshiah |
| 260 |
_aNew delhi: _bSudha publications pvt. ltd., _c1963. |
||
| 300 | _ax,342p. | ||
| 653 | _aCommerce | ||
| 653 | _aFundamentals of business management | ||
| 700 | 1 |
_aAdiseshiah,W.T.V., _eAuthor. |
|
| 942 | _cBK | ||
| 999 |
_c5463 _d5463 |
||